00235nam a2200097Ia 4500008004100000100001800041245003200059260003000091300000800121650000800129191201s2009 xx 000 0 und d aMOHAN PARKASH 0aEntrepreneurial Development aN. DelhibVikas pubc2009 a306 aMBA